Normal view MARC view
  • Prakash, Vijoy

Entry Personal Name

Number of records used in: 1

001 - CONTROL NUMBER

  • control field: 107474

003 - CONTROL NUMBER IDENTIFIER

  • control field: NUST

005 - DATE AND TIME OF LATEST TRANSACTION

  • control field: 20230124091627.0

008 - FIXED-LENGTH DATA ELEMENTS

  • fixed length control field: 230124|| aca||aabn | a|a d

040 ## - CATALOGING SOURCE

  • Original cataloging agency: NUST
  • Transcribing agency: NUST

100 ## - HEADING--PERSONAL NAME

  • Personal name: Prakash, Vijoy

670 ## - SOURCE DATA FOUND

  • Source citation: Work cat.: (NUST)421801: Prakash, Vijoy, Creative learning; a handbook for teachers and trainers / , 2007
© 2023 Central Library, National University of Sciences and Technology. All Rights Reserved.